000 00443nam a2200145Ia 4500
008 191111s9999 xx 000 0 und d
020 _a9781848723009
100 _aBlatchford, Peter.
245 _cPeter Blatchford.--
_aThe Child at school :
_binteractions with peers and teachers /
250 _a2nd ed
260 _aUSA :
_bRoutledge
_c2016
300 _a308 pages.
650 _aChild development
650 _aSchool children -- PSychology
999 _c362639
_d362639